[Event "Eurasia Open Cup 2019"]
[Site "Ekaterinburg"]
[Date "2019.08.03"]
[Round "4.5"]
[White "Kostenko, Petr"]
[Black "Sargsyan, Shant"]
[Result "0-1"]
[WhiteElo "2471"]
[BlackElo "2529"]
[Annotator "ChessBase"]
[PlyCount "125"]
[EventDate "2019.07.31"]
[EventType "swiss"]
[EventCountry "RUS"]
[SourceTitle "playchess.com"]
[Source "ChessBase"]
[SourceQuality "1"]
[TimeControl "5400+30"]

1. e4 {[%emt 0:07:14]} e5 {[%emt 0:00:58]} 2. Nf3 {[%emt 0:00:44]} Nc6 {[%emt 0:00:00]} 3. Bb5 {[%emt 0:00:00]} a6 {[%emt 0:00:23]} 4. Ba4 {[%emt 0:00:05]} Nf6 {[%emt 0:00:29]} 5. O-O {[%emt 0:00:15]} Nxe4 {[%emt 0:00:45]} 6. d4 {[%emt 0:00:13]} b5 {[%emt 0:00:11]} 7. Bb3 {[%emt 0:00:06]} d5 {[%emt 0:00:07]} 8. dxe5 {[%emt 0:00:08]} Be6 {[%emt 0:00:08]} 9. c3 {[%emt 0:00:12]} Be7 {[%emt 0:03:34]} 10. Bf4 {[%emt 0:00:27]} O-O {[%emt 0:02:58]} 11. Nd4 {[%emt 0:00:14]} Qd7 {[%emt 0:11:19]} 12. f3 {[%emt 0:07:16]} Nc5 {[%emt 0:01:23]} 13. Bc2 {[%emt 0:00:27]} Rfd8 {[%emt 0:03:56]} 14. Nd2 {[%emt 0:18:40]} Nxd4 {[%emt 0:07:05]} 15. cxd4 {[%emt 0:00:35]} Na4 {[%emt 0:00:19]} 16. Qb1 {[%emt 0:01:17]} g6 {[%emt 0:04:27]} 17. Be3 {[%emt 0:00:29]} c5 {[%emt 0:03:33]} 18. f4 {[%emt 0:01:37]} Bf5 {[%emt 0:02:36]} 19. Nf3 {[%emt 0:04:24]} c4 {[%emt 0:04:15]} 20. h3 {[%emt 0:03:13]} h5 {[%emt 0:01:55]} 21. Bf2 {[%emt 0:00:31]} Bxc2 {[%emt 0:01:14]} 22. Qxc2 {[%emt 0:00:38]} Qf5 {[%emt 0:08:33]} 23. Qxf5 {[%emt 0:00:00]} gxf5 {[%emt 0:00:32]} 24. Bh4 {[%emt 0:09:48]} Bxh4 {[%emt 0:01:08]} 25. Nxh4 {[%emt 0:00:00]} Nxb2 {[%emt 0:04:20]} 26. Nxf5 {[%emt 0:00:00]} Kh7 {[%emt 0:00:03]} 27. Rf3 {[%emt 0:00:12]} b4 {[%emt 0:05:30]} 28. Ne3 {[%emt 0:01:09]} c3 {[%emt 0:01:08]} 29. f5 {[%emt 0:12:22]} Nc4 {[%emt 0:02:51]} 30. g4 {[%emt 0:00:45]} Nxe3 {[%emt 0:01:16]} 31. Rxe3 {[%emt 0:07:45]} Rg8 {[%emt 0:05:45]} 32. Kf2 {[%emt 0:00:35]} Kh6 {[%emt 0:00:53]} 33. e6 {[%emt 0:00:00]} hxg4 {[%emt 0:06:46]} 34. exf7 {[%emt 0:03:51]} g3+ {[%emt 0:00:50]} 35. Kf3 {[%emt 0:00:09]} Rgf8 {[%emt 0:00:54]} 36. Re6+ {[%emt 0:04:47]} Kg5 {[%emt 0:00:07]} 37. h4+ {[%emt 0:01:45]} Kh5 {[%emt 0:01:55]} 38. Kxg3 {[%emt 0:01:24]} Rxf7 {[%emt 0:00:40]} 39. Kf4 {[%emt 0:00:00]} Raf8 {[%emt 0:00:24]} 40. Re5 {[%emt 0:00:32]} Rg7 {[%emt 0:04:16]} 41. f6+ {[%emt 0:00:00]} Kg6 {[%emt 0:02:57]} 42. h5+ {[%emt 0:04:13]} Kh6 {[%emt 0:01:35]} 43. Re6 {[%emt 0:00:56]} Rg2 {[%emt 0:00:00]} 44. Rxa6 {[%emt 0:00:00]} Kxh5 {[%emt 0:01:16]} 45. Rf1 {[%emt 0:00:00]} c2 {[%emt 0:00:46]} 46. Rc6 {[%emt 0:01:20]} Kg6 {[%emt 0:02:00]} 47. Ke5 {[%emt 0:00:41]} Re2+ {[%emt 0:01:23]} 48. Kxd5 {[%emt 0:01:01]} Rd2 {[%emt 0:02:45]} 49. Rg1+ {[%emt 0:00:00]} Kf5 {[%emt 0:01:31]} 50. Rf1+ {[%emt 0:00:38]} Kg6 {[%emt 0:00:01]} 51. Rg1+ {[%emt 0:05:43]} Kf5 {[%emt 0:00:05]} 52. Rc1 {[%emt 0:00:41]} Kg6 {[%emt 0:00:02]} 53. R1xc2 {[%emt 0:00:00]} Rd8+ {[%emt 0:00:04]} 54. Ke4 {[%emt 0:00:00]} R8xd4+ {[%emt 0:02:37]} 55. Ke5 {[%emt 0:05:24]} R4d3 {[%emt 0:00:00]} 56. Rxd2 {[%emt 0:01:03]} Rxd2 {[%emt 0:00:22]} 57. Ra6 {[%emt 0:00:24]} Re2+ {[%emt 0:01:05]} 58. Kd5 {[%emt 0:00:14]} Kf7 {[%emt 0:00:01]} 59. Kc5 {[%emt 0:00:50]} Rb2 {[%emt 0:00:25]} 60. Kc4 {[%emt 0:00:00]} Kg6 {[%emt 0:00:09]} 61. Kd5 {[%emt 0:01:19]} Kf7 {[%emt 0:00:11]} 62. Ke5 {[%emt 0:00:33]} Re2+ {[%emt 0:00:06]} 63. Kd4 {[%emt 0:00:05]} 0-1

[Event "Eurasia Open Cup 2019"]
[Site "Ekaterinburg"]
[Date "2019.08.03"]
[Round "4.6"]
[White "Kunin, Vitaly"]
[Black "Kyshtymov, Daniil"]
[Result "1-0"]
[WhiteElo "2527"]
[BlackElo "2176"]
[Annotator "ChessBase"]
[PlyCount "77"]
[EventDate "2019.07.31"]
[EventType "swiss"]
[EventCountry "RUS"]
[SourceTitle "playchess.com"]
[Source "ChessBase"]
[SourceQuality "1"]
[TimeControl "5400+30"]

1. d4 {[%emt 0:00:10]} Nf6 {[%emt 0:00:00]} 2. c4 {[%emt 0:00:00]} g6 {[%emt 0:00:00]} 3. Nc3 {[%emt 0:00:06]} Bg7 {[%emt 0:00:00]} 4. e4 {[%emt 0:00:39]} d6 {[%emt 0:00:00]} 5. Nge2 {[%emt 0:00:00]} O-O {[%emt 0:01:26]} 6. Ng3 {[%emt 0:00:03]} e5 {[%emt 0:16:57]} 7. d5 {[%emt 0:00:15]} a5 {[%emt 0:13:37]} 8. Be2 {[%emt 0:00:44]} Na6 {[%emt 0:00:50]} 9. h4 {[%emt 0:00:42]} h5 {[%emt 0:01:57]} 10. Bg5 {[%emt 0:00:42]} Qe8 {[%emt 0:06:17]} 11. Qd2 {[%emt 0:00:26]} Kh7 {[%emt 0:11:36]} 12. f3 {[%emt 0:01:46]} Bd7 {[%emt 0:02:21]} 13. Nb5 {[%emt 0:02:24]} a4 {[%emt 0:09:24]} 14. O-O {[%emt 0:06:54]} Kg8 {[%emt 0:15:11]} 15. Bh6 {[%emt 0:10:27]} Nh7 {[%emt 0:02:32]} 16. Kf2 {[%emt 0:14:23]} Qd8 {[%emt 0:03:52]} 17. Bxg7 {[%emt 0:01:48]} Kxg7 {[%emt 0:00:01]} 18. Rh1 {[%emt 0:00:11]} Nc5 {[%emt 0:03:38]} 19. Nc3 {[%emt 0:02:52]} c6 {[%emt 0:04:04]} 20. dxc6 {[%emt 0:03:22]} Bxc6 {[%emt 0:00:46]} 21. Rhd1 {[%emt 0:03:39]} Qb6 {[%emt 0:01:44]} 22. Qe3 {[%emt 0:01:48]} Rfd8 {[%emt 0:01:40]} 23. Rd2 {[%emt 0:01:03]} Rd7 {[%emt 0:01:50]} 24. Rad1 {[%emt 0:00:55]} Rad8 {[%emt 0:00:33]} 25. Kg1 {[%emt 0:04:35]} Nf8 {[%emt 0:00:18]} 26. Bf1 {[%emt 0:00:33]} Nfe6 {[%emt 0:01:08]} 27. Nce2 {[%emt 0:06:55]} Qa6 {[%emt 0:00:00]} 28. f4 {[%emt 0:01:28]} Qxc4 {[%emt 0:00:18]} 29. f5 {[%emt 0:00:58]} Nf8 {[%emt 0:00:53]} 30. Nxh5+ {[%emt 0:00:02]} gxh5 {[%emt 0:00:22]} 31. Ng3 {[%emt 0:02:18]} Qb4 {[%emt 0:00:35]} 32. Nxh5+ {[%emt 0:00:17]} Kh7 {[%emt 0:01:03]} 33. Qg5 {[%emt 0:00:54]} Ng6 {[%emt 0:00:33]} 34. fxg6+ {[%emt 0:01:16]} fxg6 {[%emt 0:00:15]} 35. Rxd6 {[%emt 0:01:56]} Rxd6 {[%emt 0:00:10]} 36. Qe7+ {[%emt 0:00:25]} Kh6 {[%emt 0:01:07]} 37. Qg7+ {[%emt 0:00:22]} Kxh5 {[%emt 0:00:08]} 38. Be2+ {[%emt 0:00:16]} Kxh4 {[%emt 0:00:05]} 39. Qh6+ {[%emt 0:00:09]} 1-0

[Event "Eurasia Open Cup 2019"]
[Site "Ekaterinburg"]
[Date "2019.08.03"]
[Round "4.7"]
[White "Nesterov, Arseniy"]
[Black "Alekseev, Evgeny"]
[Result "1/2-1/2"]
[WhiteElo "2451"]
[BlackElo "2645"]
[Annotator "TA"]
[PlyCount "80"]
[EventDate "2019.07.31"]
[EventType "swiss"]
[EventCountry "RUS"]
[SourceTitle "playchess.com"]
[Source "ChessBase"]
[SourceQuality "1"]

{[%evp 20,80,6,20,14,-27,-25,-58,-79,-74,-54,-69,-71,-69,-69,-72,0,0,0,0,-7,-41,-22,-22,-22,-18,-27,-88,-74,-80,-2,-2,-8,-34,-28,-31,-24,-55,0,0,0,0,0,0,0,0,0,0,0,0,0,0,0,0,0,0,0,0,0,0,0,0,0]} 1. d4 Nf6 2. c4 e6 3. g3 c5 4. d5 exd5 5. cxd5 d6 6. Nc3 g6 7. Bg2 Bg7 8. Nf3 O-O 9. O-O Re8 10. a4 b6 11. Nd2 Nbd7 {[%cal Bb8d7,Bd7e5,Be5g4][%mdl 32] A62: Modern Benoni: Fianchetto Variation without early ...Nbd7} 12. Nb5 (12. Re1 a6 13. h3 Rb8 14. Nc4 Ne5 15. Nxe5 Rxe5 16. e4 Re8 17. f4 Nd7 18. Qd3 b5 19. axb5 axb5 {0-1 (34) Kociscak,J (2496)-Navara,D (2733) Ostrava 2019}) 12... Ne5 $1 13. f4 Neg4 {Hoping for ...Ne3.Black is slightly better.} 14. Nc4 {[#]} Ne4 $1 15. Bxe4 $1 Rxe4 16. Ncxd6 Bd4+ 17. e3 $146 ({Predecessor:} 17. Kg2 Qe7 18. Re1 Bf2 19. Nxc8 Rxc8 {0-1 (44) Babujian,L (2438)-Amonatov,F (2632) Mumbai 2017}) 17... Bxe3+ ({Black should play} 17... Nxe3 $17 18. Bxe3 Bxe3+ 19. Kh1 Re7) 18. Bxe3 $11 Rxe3 19. Nxc8 Qxc8 20. Re1 (20. f5 $5 {[%cal Rd1g4]} Ne5 21. Qc1 $11) 20... Qd7 21. Rxe3 Nxe3 22. Qd3 Nf5 ({Don't go for} 22... Nxd5 $2 23. Rd1 $18) 23. a5 (23. Re1 $11 {keeps the balance.}) 23... Rc8 $17 {[#] Threatens to win with ...c4.} 24. Nc3 Nd6 ({Better is} 24... Re8 $17) 25. axb6 $11 axb6 26. Re1 Rd8 27. Re5 Kg7 28. Ne4 f6 (28... Nxe4 $15 29. Qxe4 Qb5) 29. Re6 $1 {[%cal Re6d6] The position is equal.} Nxe4 30. Qxe4 {Re7+ is the strong threat.} Qxd5 31. Qxd5 Rxd5 32. Rxb6 {[%mdl 4096] Endgame KR-KR} Rd2 33. Rc6 Rxb2 34. Rxc5 f5 35. Rc7+ Kg8 36. Rc8+ Kg7 37. Rc7+ Kg8 38. Rc8+ Kf7 39. Rc7+ Kg8 40. Rc8+ Kf7 {Accuracy: White = 58%, Black = 73%.} 1/2-1/2

[Event "Eurasia Open Cup 2019"]
[Site "Ekaterinburg"]
[Date "2019.08.03"]
[Round "4.8"]
[White "Savitskiy, Sergey"]
[Black "Kokarev, Dmitry"]
[Result "0-1"]
[WhiteElo "2418"]
[BlackElo "2607"]
[Annotator "TA"]
[PlyCount "52"]
[EventDate "2019.07.31"]
[EventType "swiss"]
[EventCountry "RUS"]
[SourceTitle "playchess.com"]
[Source "ChessBase"]
[SourceQuality "1"]

{[%evp 25,54,2,4,-29,6,33,0,0,28,-162,-149,-317,-313,-329,-287,-360,-336,-350,-352,-481,-488,-672,-564,-553,-430,-632,-579,-574,-548,-1124,-937]} 1. e4 c5 2. Nf3 d6 3. d4 cxd4 4. Nxd4 Nf6 5. Nc3 a6 6. Bg5 e6 7. f4 Be7 8. Qf3 Qc7 9. O-O-O Nbd7 10. g4 b5 11. Bxf6 Nxf6 12. g5 Nd7 13. a3 Rb8 14. Qh3 {B99: Sicilian Najdorf: 6 Bg5 e6 7 f4 Be7 8 Qf3 Qc7 9 0-0-0 Nbd7} (14. Bh3 Nc5 15. Rhg1 b4 16. axb4 Rxb4 17. f5 g6 18. Qe3 Bd7 19. fxe6 fxe6 20. e5 d5 21. Nxe6 Nxe6 22. Nxd5 Qa5 23. Nf6+ Bxf6 24. Bxe6 Bxe6 25. exf6 {½-½ (31) Ljubicic,L (2575)-De Oliveira,J (2574) ICCF email 2010}) 14... O-O 15. Rg1 Re8 $146 ({Predecessor:} 15... Nb6 16. f5 e5 17. Nf3 f6 18. Bd3 Qc5 19. gxf6 Bxf6 20. Ng5 h6 21. Ne6 Bxe6 22. fxe6 {0-1 (57) Zolnierowicz,K (2440)-Gallagher,J (2445) Baku 1988}) 16. f5 {The position is equal.} Ne5 {[%cal Bd7e5,Be5c4,Bc4b2][%mdl 32]} 17. Nf3 $2 ({Much weaker is} 17. fxe6 fxe6 18. Nce2 b4 $15) (17. b4 $11) 17... Qb6 18. Ne2 $2 {[#]} (18. Nxe5 $17 {keeps fighting.} Qxg1 19. g6 hxg6 20. fxg6 fxg6 21. Nc6) 18... exf5 $1 $19 (18... Qe3+ 19. Nd2 $15) 19. exf5 {[#]} b4 $1 {[%cal Rb4a3] aiming for ...bxa3.} ({Less strong is} 19... Qe3+ 20. Nd2 $17) 20. Nfd4 bxa3 21. Qxa3 Nc4 22. Qc3 Nxb2 {Black is clearly winning.} 23. Re1 Na4 24. Qa1 Bd7 25. h4 (25. f6 $142 Bd8 26. Bh3 Bxh3 27. Qxa4) 25... d5 26. Rg3 Bd6 {Played: Qb6-c7} 0-1

[Event "Eurasia Open Cup 2019"]
[Site "Ekaterinburg"]
[Date "2019.08.03"]
[Round "4.9"]
[White "Bivol, Alina"]
[Black "Shaposhnikov, Evgeny"]
[Result "0-1"]
[WhiteElo "2391"]
[BlackElo "2575"]
[Annotator "ChessBase"]
[PlyCount "130"]
[EventDate "2019.07.31"]
[EventType "swiss"]
[EventCountry "RUS"]
[SourceTitle "playchess.com"]
[Source "ChessBase"]
[SourceQuality "1"]
[TimeControl "5400+30"]

1. e4 {[%emt 0:00:00]} c5 {[%emt 0:04:05]} 2. Nf3 {[%emt 0:00:00]} e6 {[%emt 0:07:44]} 3. d4 {[%emt 0:00:04]} cxd4 {[%emt 0:00:04]} 4. Nxd4 {[%emt 0:00:00]} a6 {[%emt 0:00:46]} 5. g3 {[%emt 0:00:00]} Nc6 {[%emt 0:01:21]} 6. Bg2 {[%emt 0:02:09]} h5 {[%emt 0:11:22]} 7. Nc3 {[%emt 0:08:10]} h4 {[%emt 0:00:45]} 8. Be3 {[%emt 0:03:13]} Nf6 {[%emt 0:01:17]} 9. O-O {[%emt 0:19:11]} hxg3 {[%emt 0:00:11]} 10. hxg3 {[%emt 0:01:01]} Ne5 {[%emt 0:00:40]} 11. Bg5 {[%emt 0:03:03]} Bc5 {[%emt 0:00:24]} 12. Nb3 {[%emt 0:09:38]} Ba7 {[%emt 0:03:38]} 13. Qe2 {[%emt 0:01:15]} Qc7 {[%emt 0:01:06]} 14. Nd1 {[%emt 0:06:29]} b5 {[%emt 0:04:17]} 15. Be3 {[%emt 0:03:51]} Nfg4 {[%emt 0:04:52]} 16. Bxa7 {[%emt 0:00:42]} Qxa7 {[%emt 0:00:32]} 17. Nc1 {[%emt 0:06:06]} Bb7 {[%emt 0:03:39]} 18. Nd3 {[%emt 0:00:03]} Qd4 {[%emt 0:00:38]} 19. Nxe5 {[%emt 0:07:53]} Nxe5 {[%emt 0:03:04]} 20. c3 {[%emt 0:02:28]} Qc5 {[%emt 0:00:07]} 21. Qe3 {[%emt 0:01:36]} Rc8 {[%emt 0:03:23]} 22. Qxc5 {[%emt 0:02:48]} Rxc5 {[%emt 0:02:14]} 23. a4 {[%emt 0:02:10]} Ke7 {[%emt 0:01:05]} 24. axb5 {[%emt 0:06:10]} Rxb5 {[%emt 0:01:53]} 25. Re1 {[%emt 0:01:27]} f5 {[%emt 0:02:56]} 26. f3 {[%emt 0:00:45]} f4 {[%emt 0:01:51]} 27. g4 {[%emt 0:03:08]} a5 {[%emt 0:04:47]} 28. Re2 {[%emt 0:01:01]} Bc6 {[%emt 0:00:30]} 29. Nf2 {[%emt 0:01:32]} Kf6 {[%emt 0:00:19]} 30. Ra2 {[%emt 0:00:39]} g5 {[%emt 0:00:31]} 31. Rd2 {[%emt 0:00:58]} Rhb8 {[%emt 0:02:08]} 32. Nd1 {[%emt 0:00:47]} d5 {[%emt 0:00:32]} 33. Rd4 {[%emt 0:01:02]} dxe4 {[%emt 0:01:07]} 34. fxe4 {[%emt 0:03:15]} Nxg4 {[%emt 0:01:34]} 35. Rd6 {[%emt 0:00:34]} Ne5 {[%emt 0:01:44]} 36. Bf1 {[%emt 0:00:05]} Rc5 {[%emt 0:00:36]} 37. Nf2 {[%emt 0:02:23]} Ke7 {[%emt 0:02:23]} 38. Rd1 {[%emt 0:00:08]} g4 {[%emt 0:00:00]} 39. Nd3 {[%emt 0:00:55]} Nxd3 {[%emt 0:00:40]} 40. Rxd3 {[%emt 0:00:50]} Bxe4 {[%emt 0:00:55]} 41. Rd4 {[%emt 0:00:48]} Re5 {[%emt 0:00:38]} 42. Raa4 {[%emt 0:00:02]} Bf5 {[%emt 0:00:37]} 43. b4 {[%emt 0:00:17]} axb4 {[%emt 0:00:38]} 44. cxb4 {[%emt 0:00:32]} f3 {[%emt 0:01:35]} 45. Kf2 {[%emt 0:00:00]} Kf6 {[%emt 0:00:23]} 46. b5 {[%emt 0:00:45]} Rbxb5 {[%emt 0:02:22]} 47. Bxb5 {[%emt 0:00:17]} Rxb5 {[%emt 0:00:17]} 48. Rd2 {[%emt 0:00:43]} Kg5 {[%emt 0:00:20]} 49. Ra8 {[%emt 0:00:33]} Kf4 {[%emt 0:00:45]} 50. Rd4+ {[%emt 0:00:00]} Ke5 {[%emt 0:06:43]} 51. Rd2 {[%emt 0:00:56]} Rb1 {[%emt 0:00:02]} 52. Ke3 {[%emt 0:00:38]} Rf1 {[%emt 0:02:18]} 53. Ra5+ {[%emt 0:01:39]} Kf6 {[%emt 0:01:24]} 54. Kf4 {[%emt 0:00:00]} Re1 {[%emt 0:02:35]} 55. Kg3 {[%emt 0:00:00]} Kg5 {[%emt 0:02:00]} 56. Ra8 {[%emt 0:01:59]} Rh1 {[%emt 0:05:10]} 57. Rg8+ {[%emt 0:00:38]} Kf6 {[%emt 0:00:02]} 58. Kf4 {[%emt 0:00:16]} Re1 {[%emt 0:00:34]} 59. Kg3 {[%emt 0:01:03]} Ke5 {[%emt 0:00:24]} 60. Rb8 {[%emt 0:00:09]} Rh1 {[%emt 0:01:00]} 61. Rb5+ {[%emt 0:00:55]} Ke4 {[%emt 0:00:30]} 62. Rd8 {[%emt 0:00:34]} Rh3+ {[%emt 0:04:22]} 63. Kf2 {[%emt 0:00:00]} g3+ {[%emt 0:00:18]} 64. Kg1 {[%emt 0:00:48]} f2+ {[%emt 0:00:52]} 65. Kg2 {[%emt 0:00:24]} Rh2+ {[%emt 0:00:15]} 0-1

[Event "Eurasia Open Cup 2019"]
[Site "Ekaterinburg"]
[Date "2019.08.03"]
[Round "4.10"]
[White "Sivuk, Vitaly"]
[Black "Chekletsov, Ilya"]
[Result "1/2-1/2"]
[WhiteElo "2546"]
[BlackElo "2374"]
[Annotator "ChessBase"]
[PlyCount "155"]
[EventDate "2019.07.31"]
[EventType "swiss"]
[EventCountry "RUS"]
[SourceTitle "playchess.com"]
[Source "ChessBase"]
[SourceQuality "1"]
[TimeControl "5400+30"]

1. d4 {[%emt 0:02:16]} Nf6 {[%emt 0:00:00]} 2. c4 {[%emt 0:00:00]} e6 {[%emt 0:00:00]} 3. Nf3 {[%emt 0:00:00]} b6 {[%emt 0:00:00]} 4. g3 {[%emt 0:00:00]} Ba6 {[%emt 0:00:00]} 5. b3 {[%emt 0:00:07]} Bb7 {[%emt 0:00:00]} 6. Bg2 {[%emt 0:00:10]} Bb4+ {[%emt 0:00:00]} 7. Bd2 {[%emt 0:00:12]} c5 {[%emt 0:00:00]} 8. O-O {[%emt 0:07:53]} O-O {[%emt 0:00:00]} 9. dxc5 {[%emt 0:06:59]} Bxc5 {[%emt 0:01:36]} 10. Qc2 {[%emt 0:02:47]} Nc6 {[%emt 0:16:20]} 11. Rd1 {[%emt 0:04:04]} Qe7 {[%emt 0:13:37]} 12. Nc3 {[%emt 0:05:35]} d5 {[%emt 0:01:18]} 13. cxd5 {[%emt 0:16:12]} Nb4 {[%emt 0:01:35]} 14. Qb2 {[%emt 0:09:53]} Nbxd5 {[%emt 0:01:06]} 15. a3 {[%emt 0:01:53]} Nxc3 {[%emt 0:14:57]} 16. Bxc3 {[%emt 0:00:00]} Rac8 {[%emt 0:00:32]} 17. e3 {[%emt 0:11:18]} b5 {[%emt 0:03:47]} 18. a4 {[%emt 0:05:01]} a6 {[%emt 0:03:02]} 19. axb5 {[%emt 0:04:09]} axb5 {[%emt 0:00:12]} 20. Ra5 {[%emt 0:00:47]} Bc6 {[%emt 0:06:49]} 21. Ne1 {[%emt 0:03:34]} Bb4 {[%emt 0:04:58]} 22. Bxf6 {[%emt 0:03:03]} Qxf6 {[%emt 0:00:53]} 23. Qxf6 {[%emt 0:00:39]} gxf6 {[%emt 0:00:34]} 24. Ra6 {[%emt 0:00:00]} Bxg2 {[%emt 0:05:27]} 25. Nxg2 {[%emt 0:00:34]} Ra8 {[%emt 0:02:09]} 26. Rb6 {[%emt 0:00:19]} Rfb8 {[%emt 0:00:09]} 27. Rxb8+ {[%emt 0:00:40]} Rxb8 {[%emt 0:00:31]} 28. Nf4 {[%emt 0:00:10]} Kf8 {[%emt 0:00:02]} 29. Rd7 {[%emt 0:00:55]} Ke8 {[%emt 0:00:34]} 30. Ra7 {[%emt 0:00:54]} Bc5 {[%emt 0:00:00]} 31. Ra6 {[%emt 0:00:00]} Rc8 {[%emt 0:00:00]} 32. Ra5 {[%emt 0:00:01]} Rb8 {[%emt 0:02:06]} 33. Nd3 {[%emt 0:02:09]} Bd6 {[%emt 0:00:20]} 34. Kf1 {[%emt 0:01:45]} b4 {[%emt 0:00:05]} 35. Nb2 {[%emt 0:00:09]} f5 {[%emt 0:00:57]} 36. Nc4 {[%emt 0:01:03]} Be7 {[%emt 0:02:07]} 37. Ke2 {[%emt 0:00:40]} Rc8 {[%emt 0:00:04]} 38. f3 {[%emt 0:00:02]} Kf8 {[%emt 0:00:12]} 39. h3 {[%emt 0:01:22]} Rc7 {[%emt 0:00:47]} 40. g4 {[%emt 0:00:43]} fxg4 {[%emt 0:03:58]} 41. hxg4 {[%emt 0:00:15]} f6 {[%emt 0:00:04]} 42. f4 {[%emt 0:00:33]} h6 {[%emt 0:00:08]} 43. e4 {[%emt 0:00:00]} Rd7 {[%emt 0:01:10]} 44. Ra6 {[%emt 0:01:26]} Kf7 {[%emt 0:00:00]} 45. f5 {[%emt 0:02:00]} e5 {[%emt 0:00:00]} 46. Ra5 {[%emt 0:01:46]} Rd4 {[%emt 0:00:42]} 47. Ke3 {[%emt 0:00:20]} Rd1 {[%emt 0:00:58]} 48. Rd5 {[%emt 0:00:49]} Rb1 {[%emt 0:00:36]} 49. Nd2 {[%emt 0:01:37]} Rg1 {[%emt 0:00:00]} 50. Kf3 {[%emt 0:00:31]} h5 {[%emt 0:00:10]} 51. gxh5 {[%emt 0:00:36]} Rg5 {[%emt 0:00:36]} 52. Nc4 {[%emt 0:00:00]} Rxh5 {[%emt 0:00:03]} 53. Ne3 {[%emt 0:01:09]} Rh2 {[%emt 0:00:12]} 54. Rd7 {[%emt 0:01:13]} Ke8 {[%emt 0:00:38]} 55. Rb7 {[%emt 0:00:41]} Rb2 {[%emt 0:00:16]} 56. Nd5 {[%emt 0:00:00]} Rxb3+ {[%emt 0:00:12]} 57. Kg4 {[%emt 0:00:31]} Bd8 {[%emt 0:00:04]} 58. Rb8 {[%emt 0:00:10]} Kd7 {[%emt 0:00:40]} 59. Rxb4 {[%emt 0:02:09]} Rxb4 {[%emt 0:00:00]} 60. Nxb4 {[%emt 0:00:14]} Ke8 {[%emt 0:06:59]} 61. Kh5 {[%emt 0:00:02]} Kf7 {[%emt 0:00:06]} 62. Kh6 {[%emt 0:00:50]} Ba5 {[%emt 0:00:04]} 63. Nd3 {[%emt 0:00:09]} Bb6 {[%emt 0:00:40]} 64. Kh7 {[%emt 0:00:58]} Be3 {[%emt 0:00:33]} 65. Nb2 {[%emt 0:00:07]} Bb6 {[%emt 0:00:37]} 66. Nc4 {[%emt 0:00:01]} Bc5 {[%emt 0:01:12]} 67. Na5 {[%emt 0:00:11]} Bb6 {[%emt 0:00:00]} 68. Nb7 {[%emt 0:00:53]} Ke7 {[%emt 0:01:59]} 69. Kg7 {[%emt 0:00:32]} Kd7 {[%emt 0:00:09]} 70. Kxf6 {[%emt 0:00:42]} Kc7 {[%emt 0:00:04]} 71. Kxe5 {[%emt 0:00:23]} Kxb7 {[%emt 0:00:04]} 72. Kd6 {[%emt 0:01:01]} Bd4 {[%emt 0:00:03]} 73. e5 {[%emt 0:01:53]} Kc8 {[%emt 0:00:37]} 74. f6 {[%emt 0:00:30]} Kd8 {[%emt 0:00:33]} 75. f7 {[%emt 0:02:21]} Bxe5+ {[%emt 0:00:04]} 76. Kxe5 {[%emt 0:00:55]} Ke7 {[%emt 0:00:04]} 77. Kf5 {[%emt 0:00:07]} Kxf7 {[%emt 0:00:03]} 78. Ke4 {[%emt 0:00:04]} 1/2-1/2

[Event "Eurasia Open Cup 2019"]
[Site "Ekaterinburg"]
[Date "2019.08.03"]
[Round "4.11"]
[White "Afanasiev, Nikita"]
[Black "Kanter, Eduard"]
[Result "1-0"]
[WhiteElo "2514"]
[BlackElo "2384"]
[Annotator "ChessBase"]
[PlyCount "91"]
[EventDate "2019.07.31"]
[EventType "swiss"]
[EventCountry "RUS"]
[SourceTitle "playchess.com"]
[Source "ChessBase"]
[SourceQuality "1"]
[TimeControl "5400+30"]

1. c4 {[%emt 0:06:27]} e5 {[%emt 0:00:00]} 2. Nc3 {[%emt 0:00:20]} Nf6 {[%emt 0:00:00]} 3. Nf3 {[%emt 0:00:45]} Nc6 {[%emt 0:00:37]} 4. e3 {[%emt 0:01:30]} Bb4 {[%emt 0:01:40]} 5. Qc2 {[%emt 0:00:34]} Bxc3 {[%emt 0:05:18]} 6. Qxc3 {[%emt 0:01:04]} Qe7 {[%emt 0:00:17]} 7. b3 {[%emt 0:02:57]} d5 {[%emt 0:03:03]} 8. d4 {[%emt 0:01:03]} exd4 {[%emt 0:00:40]} 9. Nxd4 {[%emt 0:00:51]} Nxd4 {[%emt 0:00:14]} 10. Qxd4 {[%emt 0:00:06]} c5 {[%emt 0:00:35]} 11. Qb2 {[%emt 0:01:43]} O-O {[%emt 0:07:56]} 12. Be2 {[%emt 0:04:57]} dxc4 {[%emt 0:02:42]} 13. bxc4 {[%emt 0:00:55]} Rd8 {[%emt 0:05:09]} 14. O-O {[%emt 0:11:35]} Bf5 {[%emt 0:02:43]} 15. a4 {[%emt 0:09:21]} Bd3 {[%emt 0:07:58]} 16. Ra3 {[%emt 0:01:22]} Bxe2 {[%emt 0:00:36]} 17. Qxe2 {[%emt 0:00:04]} Ne4 {[%emt 0:17:47]} 18. f3 {[%emt 0:01:27]} Nd6 {[%emt 0:04:37]} 19. Rd1 {[%emt 0:00:54]} Ne8 {[%emt 0:22:57]} 20. Rad3 {[%emt 0:00:25]} Rd6 {[%emt 0:00:31]} 21. Rxd6 {[%emt 0:05:29]} Nxd6 {[%emt 0:00:48]} 22. Rd5 {[%emt 0:04:04]} Ne8 {[%emt 0:00:07]} 23. Qd3 {[%emt 0:00:02]} Nf6 {[%emt 0:05:13]} 24. Rd6 {[%emt 0:00:53]} Re8 {[%emt 0:00:00]} 25. a5 {[%emt 0:00:05]} Qe5 {[%emt 0:00:17]} 26. Bd2 {[%emt 0:06:09]} h5 {[%emt 0:01:35]} 27. e4 {[%emt 0:02:42]} Re6 {[%emt 0:00:26]} 28. Rd8+ {[%emt 0:01:32]} Re8 {[%emt 0:01:06]} 29. Bc3 {[%emt 0:00:55]} Qe7 {[%emt 0:00:22]} 30. Rd6 {[%emt 0:00:00]} b6 {[%emt 0:02:02]} 31. axb6 {[%emt 0:05:05]} axb6 {[%emt 0:02:46]} 32. Rxb6 {[%emt 0:20:52]} Rd8 {[%emt 0:00:03]} 33. Qc2 {[%emt 0:00:04]} Qc7 {[%emt 0:00:36]} 34. Rb1 {[%emt 0:01:57]} Qf4 {[%emt 0:00:56]} 35. Re1 {[%emt 0:00:42]} h4 {[%emt 0:00:12]} 36. Qf2 {[%emt 0:00:10]} Rd3 {[%emt 0:02:09]} 37. Bxf6 {[%emt 0:03:39]} Qxf6 {[%emt 0:00:11]} 38. Qxc5 {[%emt 0:00:25]} g6 {[%emt 0:00:57]} 39. e5 {[%emt 0:00:01]} Qf5 {[%emt 0:02:52]} 40. Qc6 {[%emt 0:01:04]} Qf4 {[%emt 0:00:53]} 41. Qe4 {[%emt 0:02:18]} Qd2 {[%emt 0:00:26]} 42. e6 {[%emt 0:00:23]} f5 {[%emt 0:01:06]} 43. e7 {[%emt 0:00:06]} fxe4 {[%emt 0:00:00]} 44. e8=Q+ {[%emt 0:00:51]} Kg7 {[%emt 0:00:18]} 45. Qe7+ {[%emt 0:00:08]} Kg8 {[%emt 0:00:00]} 46. Qxe4 {[%emt 0:00:00]} 1-0